| 000 | 00650nam a2200193 a 4500 | ||
|---|---|---|---|
| 005 | 20240419063733.0 | ||
| 008 | 991125 19591973mx 000 0 spa u | ||
| 035 | _aUPN01000051386 | ||
| 049 | _aCG | ||
| 050 | 4 |
_aF1219.1 Y8 _bL3.7 |
|
| 100 | 1 |
_aLanda, Diego de, _cFray, _d1524-1579 |
|
| 245 | 1 | 0 |
_aRelación de las cosas de Yucatán / _cpor Fray Diego de Landa ; introd. por Angel Ma. Garibay K. |
| 260 |
_aMéxico : _bPorrúa, _c1959 (1973 impr.). |
||
| 300 |
_a252 p., [2] h. de láms. : _bil. |
||
| 440 | 0 |
_aBiblioteca Porrúa ; _v13 |
|
| 651 | 4 |
_aYucatán _xHistoria _94508 |
|
| 651 | 4 |
_aYucatán _xVida social y costumbres _918602 |
|
| 905 | _aLibro | ||
| 999 |
_c51386 _d51386 |
||